| 000 | 00655nam a22002057a 4500 | ||
|---|---|---|---|
| 005 | 20251108173317.0 | ||
| 008 | 250721s2004 xx 000 0 ara d | ||
| 082 | 1 | 4 | _aط/0.30/واد |
| 100 | 1 | _aالوادي، أحمد صلاح | |
| 245 | 1 | 0 | _aأسماء الأوائل والألقاب والكنى / |
| 264 | 1 |
_aعمان : _bدار الاخوة للنشر والتوزيع، _c2004. |
|
| 300 | _a75ص. | ||
| 490 | 0 |
_aواحة المعرفة _v6 |
|
| 650 | 1 | 7 | _aالأسماء |
| 650 | 1 | 7 | _aالمعرفة |
| 650 | 1 | 7 | _aالأسئلة و الأجوبة |
| 653 | _aناشئون صغار (10-14) سنة | ||
| 942 |
_2ddc _cBK |
||
| 999 |
_c100933 _d100933 |
||